Statistics for Top 10 Cities with the largest economies!

Click here to take the quiz!

General Stats

  • This quiz has been taken 50 times
  • The average score is 9 of 10

Answer Stats

GDPAnswer% Correct
731.2 BillionLondon
100%
1.52 TrillionTokyo
100%
1.21 TrillionNew York City
98%
669.2 BillionParis
94%
789.7 BillionLos Angeles
92%
516.5 BillionShanghai
92%
529.1 BillionMoscow
79%
524.6 BillionChicago
77%
779.3 BillionSeoul
71%
654.8 BillionOsaka
56%

Score Distribution

Percentile by Number Answered

Percent of People with Each Score

Your Score History

You have not taken this quiz